| 000 | 01345nam a22003497a 4500 | ||
|---|---|---|---|
| 003 | CHAP | ||
| 005 | 20220329133709.0 | ||
| 008 | 971013s1983 r 00010 d | ||
| 010 | _a9643 | ||
| 011 | _a10615 | ||
| 035 | _a9853 | ||
| 040 | _cCHAP | ||
| 090 | _aTesis | ||
| 100 | 0 | 0 |
_aAburto Villar, Daniel. _9347 |
| 245 | _aDiferentes dósis de radiación de rayos gamma fuente Co60 en semilla de sandía (Citrullus vulgaris Scharad) variedad Jubilee, su influencia en la disminución de la pudrición apical y rendimiento del cultivo, Apodaca, N.L., primavera-verano 1983 | ||
| 260 |
_aMonterrey, N.L. : _bEl autor, _c1983 |
||
| 300 |
_a69 h. _b; gráfs. |
||
| 502 | _aTesis (Ing. Agr. Esp. en Parasitología) -- ITESM. Div. de Ciencias Agropecuarias y Marítimas | ||
| 590 |
_aALEPH _b10 _c20130110 _lUCH01 _h1225 |
||
| 590 |
_aBATCH-UPD _b10 _c20130110 _lUCH01 _h0024 |
||
| 590 |
_aBATCH-UPD _b10 _c20130110 _lUCH01 _h0937 |
||
| 590 |
_aBATCH-UPD _b10 _c20130410 _lUCH01 _h0554 |
||
| 590 |
_aBATCH-UPD _b10 _c20130913 _lUCH01 _h1843 |
||
| 590 |
_aCONVERSION _b10 _c20130109 _lUCH01 _h1306 |
||
| 650 | 1 | 4 |
_aRayos gamma. _994856 |
| 650 | 1 | 4 |
_aSandía _xEnfermedades. _9102063 |
| 650 | 1 | 4 |
_aSandía _xRendimiento. _9102081 |
| 650 | 1 | 4 |
_aSandía _xVariedades. _9102087 |
| 901 | _aBK | ||
| 942 | _cTESIS | ||
| 949 |
_bBC _cTES _d98531 _eTS1 _h31970 _i9853 _sb |
||
| 999 |
_c9643 _d9643 |
||